[Event "Sao Paulo Hebraica op 28th"]
[Site "Sao Paulo"]
[Date "2022.01.15"]
[Round "3"]
[White "Cirilo, Guilherme de Araujo"]
[Black "Correa, Joao Pedro Vieira"]
[Result "1/2-1/2"]
[WhiteElo "1891"]
[BlackElo "1864"]
[PlyCount "99"]
[EventDate "2022.01.14"]
[EventType "swiss"]
[EventRounds "6"]
[EventCountry "BRA"]
[SourceTitle "CBM 206 Extra"]
[Source "ChessBase"]
[SourceDate "2022.03.31"]
[SourceVersion "1"]
[SourceVersionDate "2022.03.31"]
[SourceQuality "1"]

1. d4 Nf6 2. c4 e6 3. Nf3 b6 4. g3 Bb7 5. Bg2 Be7 6. 0-0 d5 7. Nc3 0-0 8. cxd5 Nxd5 9. Bd2 Nd7 10. Rc1 c5 11. Nxd5 Bxd5 12. Bc3 Nf6 13. b3 Rc8 14. Bb2 Re8 15. e3 c4 16. Ne5 Bxg2 17. Kxg2 Qd5+ 18. Kg1 cxb3 19. Qxb3 Bd6 20. Qa4 Qb7 21. Rfd1 h6 22. Nc4 Be7 23. Nd2 Red8 24. Ba3 Bxa3 25. Qxa3 Nh7 26. h4 Nf6 27. Qb2 Rd7 28. Rxc8+ Qxc8 29. Rc1 Rc7 30. Rxc7 Qxc7 31. a4 Nd5 32. Nf1 Qc4 33. Qa3 a5 34. Kg2 Qb4 35. Qxb4 axb4 36. Nd2 Nc3 37. Kf3 Nxa4 38. Ke2 b5 39. Kd3 Nb2+ 40. Kc2 Na4 41. Kb3 Nc3 42. Kxb4 Nd1 43. Ne4 f5 44. Nc5 Nxf2 45. Kxb5 Kf7 46. Kc6 Ke7 47. Kc7 Ng4 48. e4 fxe4 49. Nxe4 Ne3 50. Kc6 1/2-1/2

[Event "Sao Paulo Gansl op 8th"]
[Site "Sao Paulo"]
[Date "2016.05.01"]
[Round "5"]
[White "Cirilo, Guilherme de Araujo"]
[Black "Jenidarchiche, Douglas Rodrigo"]
[Result "1-0"]
[WhiteElo "1902"]
[BlackElo "1792"]
[PlyCount "155"]
[EventDate "2016.04.29"]
[EventType "swiss"]
[EventRounds "6"]
[EventCountry "BRA"]
[SourceTitle "CBM 172 Extra"]
[Source "ChessBase"]
[SourceDate "2016.06.21"]
[SourceVersion "1"]
[SourceVersionDate "2016.06.21"]
[SourceQuality "1"]

1. d4 Nf6 2. c4 c5 3. d5 e6 4. Nc3 exd5 5. cxd5 d6 6. e4 g6 7. f3 Bg7 8. Bg5 a6 9. a4 0-0 10. Qd2 Re8 11. Nge2 Nbd7 12. Ng3 Qc7 13. Be2 Rb8 14. 0-0 c4 15. a5 b5 16. axb6 Nxb6 17. Na4 Bd7 18. Nxb6 Qxb6+ 19. Be3 Qxb2 20. Bxc4 Qxd2 21. Bxd2 Bb5 22. Bxb5 axb5 23. Bb4 Rb6 24. Rfc1 Nd7 25. Ra7 Bd4+ 26. Kf1 Bc5 27. Ba5 Ne5 28. Bxb6 Bxb6 29. Rb7 Bc5 30. Rxb5 Ra8 31. Rcb1 Ra2 32. R5b2 Ra3 33. Ne2 Nc4 34. Rb8+ Kg7 35. Ke1 Ne3 36. Nf4 Nc4 37. R8b3 Ra2 38. Nd3 Be3 39. Nb2 Nd2 40. Rxe3 Nxb1 41. Nc4 Rc2 42. Nxd6 Nc3 43. Kf1 Kf6 44. Nb7 Ke7 45. Na5 f6 46. Nc6+ Kd6 47. Nd4 Rc1+ 48. Re1 Rxe1+ 49. Kxe1 f5 50. Kd2 Na4 51. exf5 Kxd5 52. fxg6 hxg6 53. Ne2 Ke5 54. Ke3 Nb6 55. f4+ Ke6 56. g4 Nd5+ 57. Kf3 Kf6 58. Ke4 Ne7 59. Nd4 Ng8 60. g5+ Kf7 61. Nc6 Ke6 62. Nd4+ Kf7 63. Ke5 Ne7 64. h3 Nc8 65. Nc6 Nb6 66. f5 gxf5 67. Kxf5 Nc8 68. Ne5+ Kg7 69. Ke6 Nb6 70. h4 Na4 71. h5 Nc3 72. Kf5 Nd5 73. h6+ Kh7 74. Kg4 Ne3+ 75. Kh5 Nf5 76. g6+ Kg8 77. h7+ Kg7 78. Nf7 1-0

[Event "Sao Paulo Gansl op 8th"]
[Site "Sao Paulo"]
[Date "2016.05.01"]
[Round "6"]
[White "Saito, Helio Tsutomu"]
[Black "Cirilo, Guilherme de Araujo"]
[Result "1-0"]
[WhiteElo "1675"]
[BlackElo "1902"]
[PlyCount "77"]
[EventDate "2016.04.29"]
[EventType "swiss"]
[EventRounds "6"]
[EventCountry "BRA"]
[SourceTitle "CBM 172 Extra"]
[Source "ChessBase"]
[SourceDate "2016.06.21"]
[SourceVersion "1"]
[SourceVersionDate "2016.06.21"]
[SourceQuality "1"]

1. e4 c5 2. Nf3 Nc6 3. d4 cxd4 4. Nxd4 Nf6 5. Nc3 g6 6. Bc4 Bg7 7. Be3 Qa5 8. 0-0 a6 9. Nb3 Qc7 10. Be2 0-0 11. f4 d6 12. g4 b5 13. g5 Nd7 14. Nd5 Qd8 15. Nd4 Nxd4 16. Bxd4 e5 17. Be3 exf4 18. Bxf4 Bxb2 19. h4 Bxa1 20. Qxa1 Ne5 21. Nf6+ Kg7 22. Bxe5 dxe5 23. Qxe5 Rg8 24. Nxh7+ f6 25. Nxf6 Qb6+ 26. Kh1 Qe6 27. Qc7+ Bd7 28. Bg4 Rgc8 29. Qh2 Qc4 30. Be2 Qc7 31. Qf2 Bh3 32. Nd5 Qb7 33. Qf6+ Kh7 34. h5 Qg7 35. hxg6+ Kh8 36. Rf4 Qxf6 37. gxf6 Rxc2 38. Ne7 Bg2+ 39. Kh2 1-0

[Event "Sao Paulo Gansl op 8th"]
[Site "Sao Paulo"]
[Date "2016.04.29"]
[Round "1"]
[White "Cirilo, Guilherme de Araujo"]
[Black "Ferreira, Caio Tulio Moreira"]
[Result "1-0"]
[WhiteElo "1902"]
[BlackElo "1418"]
[PlyCount "73"]
[EventDate "2016.04.29"]
[EventType "swiss"]
[EventRounds "6"]
[EventCountry "BRA"]
[SourceTitle "CBM 172 Extra"]
[Source "ChessBase"]
[SourceDate "2016.06.21"]
[SourceVersion "1"]
[SourceVersionDate "2016.06.21"]
[SourceQuality "1"]

1. d4 Nf6 2. c4 c5 3. d5 b5 4. Qc2 b4 5. e4 d6 6. f4 g6 7. Nf3 Bg7 8. Bd3 0-0 9. 0-0 a5 10. e5 dxe5 11. fxe5 Ne8 12. Be3 Qc7 13. Bf4 Bg4 14. Nbd2 Nd7 15. Rae1 Nb6 16. Ng5 Qc8 17. h3 h6 18. Nxf7 Bf5 19. Nxh6+ Bxh6 20. Bxh6 Ng7 21. Bxf5 Rxf5 22. Bxg7 Rxf1+ 23. Rxf1 Kxg7 24. e6 Qh8 25. Rf7+ Kh6 26. Nf3 Rg8 27. Qd2+ g5 28. b3 Nc8 29. h4 Nd6 30. hxg5+ Kg6 31. Qd3+ Kh5 32. Rh7+ Kg4 33. Rxh8 Rxh8 34. Ne5+ Kxg5 35. Qg6+ Kf4 36. g3+ Ke3 37. Qd3# 1-0

[Event "Sao Paulo Hebraica op 23rd"]
[Site "Sao Paulo"]
[Date "2016.01.10"]
[Round "5"]
[White "Borger, Daniel"]
[Black "Cirilo, Guilherme de Araujo"]
[Result "0-1"]
[WhiteElo "1800"]
[BlackElo "1893"]
[PlyCount "96"]
[EventDate "2016.01.08"]
[EventType "swiss"]
[EventRounds "6"]
[EventCountry "BRA"]
[SourceTitle "CBM 170 Extra"]
[Source "ChessBase"]
[SourceDate "2016.02.25"]
[SourceVersion "1"]
[SourceVersionDate "2016.02.25"]
[SourceQuality "1"]

1. e4 c5 2. Nf3 Nc6 3. Bb5 g6 4. 0-0 Bg7 5. c3 Nf6 6. e5 Nd5 7. d4 cxd4 8. cxd4 Qa5 9. Bd3 0-0 10. Bd2 Qc7 11. Nc3 Nxc3 12. bxc3 d6 13. exd6 Qxd6 14. h3 e5 15. Bb5 exd4 16. Bxc6 dxc3 17. Bxc3 Qxc6 18. Bxg7 Kxg7 19. Re1 Qf6 20. Qd4 Be6 21. Rab1 b6 22. a3 Rfd8 23. Qxf6+ Kxf6 24. Rbd1 Rxd1 25. Rxd1 Rc8 26. Rd3 h6 27. g4 Rc5 28. Kh2 Rb5 29. Nd4 Rd5 30. Kg3 h5 31. f4 hxg4 32. hxg4 Rc5 33. g5+ Ke7 34. Re3 Kd6 35. Rd3 Rd5 36. Nb5+ Kc5 37. Rxd5+ Bxd5 38. Nxa7 Bb7 39. a4 Kb4 40. Nb5 Kxa4 41. Nd6 Bd5 42. Kf2 b5 43. Nxb5 Kxb5 44. Ke2 Kc5 45. Kd3 Bc6 46. Kc3 Bb5 47. Kd2 Kd4 48. Ke1 Ke4 0-1

[Event "Sao Paulo Hebraica op 23rd"]
[Site "Sao Paulo"]
[Date "2016.01.09"]
[Round "4"]
[White "Cirilo, Guilherme de Araujo"]
[Black "Caribe Santos, Luiz Carlos"]
[Result "1-0"]
[WhiteElo "1893"]
[BlackElo "1552"]
[PlyCount "105"]
[EventDate "2016.01.08"]
[EventType "swiss"]
[EventRounds "6"]
[EventCountry "BRA"]
[SourceTitle "CBM 170 Extra"]
[Source "ChessBase"]
[SourceDate "2016.02.25"]
[SourceVersion "1"]
[SourceVersionDate "2016.02.25"]
[SourceQuality "1"]

1. b3 e5 2. Bb2 Nc6 3. e3 d6 4. Bb5 Bd7 5. Nf3 a6 6. Be2 g6 7. d4 exd4 8. Nxd4 Nf6 9. Bf3 Bg7 10. 0-0 0-0 11. Nd2 Rb8 12. Qe2 Ne5 13. c4 Nxf3+ 14. N2xf3 Ne4 15. Qc2 Re8 16. Rac1 c5 17. Ne2 Bf5 18. Bxg7 Kxg7 19. Qb2+ Qf6 20. Qxf6+ Kxf6 21. Rfd1 Rbd8 22. Nf4 Bg4 23. h3 Bxf3 24. gxf3 Ng5 25. Kg2 Ne6 26. Nd5+ Kg7 27. Rd2 Rc8 28. Rcd1 Rc6 29. Nc3 Rd8 30. Ne4 Kf8 31. Nxd6 b6 32. Ne4 Rxd2 33. Rxd2 Ke7 34. h4 h6 35. Nc3 Nc7 36. Nd5+ Nxd5 37. Rxd5 Rd6 38. Rxd6 Kxd6 39. f4 b5 40. Kf3 bxc4 41. bxc4 Kc6 42. Ke4 f6 43. f3 Kd6 44. Kd3 Ke6 45. e4 g5 46. hxg5 fxg5 47. fxg5 hxg5 48. Ke3 Ke5 49. a3 a5 50. a4 Kf6 51. f4 gxf4+ 52. Kxf4 Ke6 53. e5 1-0

[Event "Sao Paulo Hebraica op 23rd"]
[Site "Sao Paulo"]
[Date "2016.01.09"]
[Round "2"]
[White "Cirilo, Guilherme de Araujo"]
[Black "Marra, Eduardo da Costa"]
[Result "1/2-1/2"]
[WhiteElo "1893"]
[BlackElo "2194"]
[PlyCount "72"]
[EventDate "2016.01.08"]
[EventType "swiss"]
[EventRounds "6"]
[EventCountry "BRA"]
[SourceTitle "CBM 170 Extra"]
[Source "ChessBase"]
[SourceDate "2016.02.25"]
[SourceVersion "1"]
[SourceVersionDate "2016.02.25"]
[SourceQuality "1"]

1. d4 d6 2. c4 Nf6 3. Nc3 Nbd7 4. e4 e5 5. Nf3 Be7 6. g3 0-0 7. Bg2 c6 8. 0-0 a6 9. h3 b5 10. cxb5 cxb5 11. dxe5 dxe5 12. Bg5 Bb7 13. Bxf6 Bxf6 14. Nd5 Nc5 15. Nh2 g6 16. Rc1 Ne6 17. a4 Bg7 18. axb5 axb5 19. Qd3 Nd4 20. Rfd1 Ra2 21. Rb1 Bxd5 22. exd5 f5 23. Qe3 Qd6 24. Nf3 Nxf3+ 25. Bxf3 e4 26. Be2 b4 27. Qb3 Ra7 28. Ra1 Rxa1 29. Rxa1 f4 30. Ra6 Qc5 31. Qc4 Qxc4 32. Bxc4 Bxb2 33. d6+ Kg7 34. Ra7+ Kf6 35. gxf4 Bd4 36. Rxh7 e3 1/2-1/2

[Event "BRA-ch Amateur"]
[Site "Sao Paulo"]
[Date "2014.03.01"]
[Round "2"]
[White "De Sousa, Matheus Mazim"]
[Black "Cirilo, Guilherme de Araujo"]
[Result "1-0"]
[WhiteElo "2064"]
[BlackElo "1915"]
[PlyCount "65"]
[EventDate "2014.03.01"]
[EventType "swiss"]
[EventRounds "7"]
[EventCountry "BRA"]
[SourceTitle "EXT 2016"]
[Source "ChessBase"]
[SourceDate "2015.10.08"]
[SourceVersion "1"]
[SourceVersionDate "2015.10.08"]
[SourceQuality "1"]

1. d4 d5 2. c4 e6 3. Nc3 c6 4. cxd5 exd5 5. Nf3 Bd6 6. Bg5 Ne7 7. e3 f6 8. Bh4 Bf5 9. Bd3 Nd7 10. Bg3 Nb6 11. 0-0 0-0 12. Qc2 Bxg3 13. Bxf5 Nxf5 14. hxg3 Qd7 15. a3 Nc4 16. Rfe1 Rfe8 17. Nd2 Nxd2 18. Qxd2 Nd6 19. a4 a5 20. Reb1 Qg4 21. b4 Nc4 22. Qd3 axb4 23. Rxb4 b5 24. Rab1 bxa4 25. Nxa4 Qg5 26. Nb6 Ra3 27. Qe2 Nd6 28. Qc2 Nf5 29. Ra4 Nxe3 30. Qxc6 Qg6 31. Re1 Rd3 32. fxe3 h6 33. Qxe8+ 1-0

[Event "Americana Paulista op"]
[Site "Americana"]
[Date "2013.09.22"]
[Round "6"]
[White "Calixto, Roberto Carlos"]
[Black "Cirilo, Guilherme de Araujo"]
[Result "0-1"]
[WhiteElo "1822"]
[BlackElo "1915"]
[PlyCount "72"]
[EventDate "2013.09.20"]
[EventType "swiss"]
[EventRounds "6"]
[EventCountry "BRA"]
[SourceTitle "CBM 156 Extra"]
[Source "ChessBase"]
[SourceDate "2013.10.22"]
[SourceVersion "1"]
[SourceVersionDate "2013.10.22"]
[SourceQuality "1"]

1. e4 e5 2. Nc3 Nc6 3. f4 d6 4. Nf3 Be7 5. Bb5 exf4 6. d4 g5 7. d5 a6 8. Ba4 b5 9. Nxb5 axb5 10. Bxb5 Bd7 11. dxc6 Be6 12. c4 g4 13. Nd4 Bh4+ 14. Kf1 Qf6 15. Nxe6 fxe6 16. Qxg4 Nh6 17. Qxf4 Qxf4+ 18. Bxf4 Rf8 19. g3 e5 20. Ke2 exf4 21. gxh4 f3+ 22. Kd2 Ng4 23. a4 Nf2 24. Rhf1 Ng4 25. h3 Ne5 26. h5 Rf4 27. Ke3 Rh4 28. Kd4 Rxh3 29. c5 Rh2 30. cxd6 cxd6 31. c7+ Ke7 32. Rfc1 Rxb2 33. Ba6 Rb4+ 34. Ke3 Rb3+ 35. Kd4 Rxa6 36. c8Q Rd3# 0-1

[Event "Americana Paulista op"]
[Site "Americana"]
[Date "2013.09.21"]
[Round "3"]
[White "Dos Santos, Agildo Silva"]
[Black "Cirilo, Guilherme de Araujo"]
[Result "0-1"]
[WhiteElo "1594"]
[BlackElo "1915"]
[PlyCount "44"]
[EventDate "2013.09.20"]
[EventType "swiss"]
[EventRounds "6"]
[EventCountry "BRA"]
[SourceTitle "CBM 156 Extra"]
[Source "ChessBase"]
[SourceDate "2013.10.22"]
[SourceVersion "1"]
[SourceVersionDate "2013.10.22"]
[SourceQuality "1"]

1. e4 e5 2. Nf3 Nc6 3. d4 exd4 4. Nxd4 Bc5 5. Be3 Qf6 6. c3 Bb6 7. Be2 Qg6 8. Bf3 Nf6 9. Nd2 d6 10. Nc2 Ne5 11. Bxb6 axb6 12. Ne3 Nd3+ 13. Ke2 Nxb2 14. Qb3 Na4 15. e5 Nc5 16. Qc4 dxe5 17. Nd5 Nxd5 18. Qxd5 0-0 19. Ne4 Be6 20. Qxe5 Bc4+ 21. Ke3 Rfe8 22. Qd4 Bd3 0-1

[Event "Ribeira Valley op 9th"]
[Site "Registro"]
[Date "2013.07.31"]
[Round "3"]
[White "Cirilo, Guilherme de Araujo"]
[Black "Tsuboi, Edson Kenji"]
[Result "1-0"]
[WhiteElo "1898"]
[BlackElo "2271"]
[PlyCount "61"]
[EventDate "2013.07.30"]
[EventType "swiss"]
[EventRounds "9"]
[EventCountry "BRA"]
[SourceTitle "CBM 155 Extra"]
[Source "ChessBase"]
[SourceDate "2013.08.26"]
[SourceVersion "1"]
[SourceVersionDate "2013.08.26"]
[SourceQuality "1"]

1. b3 e5 2. Bb2 Nc6 3. e3 Nf6 4. Bb5 Bd6 5. Ne2 a6 6. Bxc6 dxc6 7. d4 exd4 8. Nxd4 0-0 9. Nc3 Re8 10. h3 b5 11. Nxc6 Qd7 12. Qf3 Kh8 13. Ne7 Qxe7 14. Qxa8 c6 15. Qxc6 Bb7 16. Qb6 Bc5 17. Qa5 Bb4 18. Qb6 Nd5 19. Qd4 Rc8 20. 0-0-0 Nxc3 21. Bxc3 Bxc3 22. Qd6 Qxd6 23. Rxd6 Bxg2 24. Rhd1 Bf6 25. Rxa6 Be4 26. Rd2 h6 27. Ra7 Bc3 28. Rdd7 Be5 29. Rxf7 Rxc2+ 30. Kd1 Bf6 31. Rf8+ 1-0

[Event "Ribeira Valley op 9th"]
[Site "Registro"]
[Date "2013.07.31"]
[Round "4"]
[White "Cubas, Jose Fernando"]
[Black "Cirilo, Guilherme de Araujo"]
[Result "1-0"]
[WhiteElo "2512"]
[BlackElo "1898"]
[PlyCount "45"]
[EventDate "2013.07.30"]
[EventType "swiss"]
[EventRounds "9"]
[EventCountry "BRA"]
[SourceTitle "CBM 155 Extra"]
[Source "ChessBase"]
[SourceDate "2013.08.26"]
[SourceVersion "1"]
[SourceVersionDate "2013.08.26"]
[SourceQuality "1"]

1. e4 c6 2. d4 d5 3. e5 Bf5 4. h4 c5 5. dxc5 Qa5+ 6. Nc3 Be6 7. Nf3 Qxc5 8. Bb5+ Nc6 9. Be3 Qb4 10. Nd4 Bd7 11. a3 Qa5 12. b4 Qd8 13. Nxd5 Nxe5 14. Bf4 e6 15. Bxe5 exd5 16. Qe2 Ne7 17. 0-0 a6 18. Bd3 Qb6 19. Nb3 h5 20. Nc5 0-0-0 21. Bg3 Bg4 22. Qe5 Nc6 23. Bf5+ 1-0

[Event "Sao Paulo Hebraica 16th"]
[Site "Sao Paulo"]
[Date "2013.01.09"]
[Round "8"]
[White "Branchini, Fernando Luis Sakam"]
[Black "Cirilo, Guilherme de Araujo"]
[Result "1/2-1/2"]
[WhiteElo "1976"]
[BlackElo "1918"]
[PlyCount "65"]
[EventDate "2013.01.04"]
[EventType "tourn"]
[EventRounds "9"]
[EventCountry "BRA"]
[SourceTitle "EXT 2015"]
[Source "ChessBase"]
[SourceDate "2014.11.20"]
[SourceVersion "1"]
[SourceVersionDate "2014.11.20"]
[SourceQuality "1"]

1. e4 c6 2. d4 d5 3. Nc3 dxe4 4. Nxe4 Nd7 5. Nf3 Ngf6 6. Nxf6+ Nxf6 7. h3 Bf5 8. Bd3 Bxd3 9. Qxd3 Qc7 10. 0-0 e6 11. c4 Be7 12. Bg5 0-0 13. Rfd1 Rfd8 14. Bxf6 Bxf6 15. Qe4 Rd7 16. Rd2 Rad8 17. Rad1 c5 18. b3 cxd4 19. Nxd4 Qe5 20. Qxe5 Bxe5 21. Nf3 Rxd2 22. Rxd2 Rxd2 23. Nxd2 Kf8 24. Kf1 Ke7 25. Ke2 h6 26. Kd3 Kd6 27. Ne4+ Kc6 28. b4 a6 29. a4 b5 30. axb5+ axb5 31. c5 f5 32. Nc3 h5 33. Ne2 1/2-1/2

[Event "Sao Paulo Hebraica 16th"]
[Site "Sao Paulo"]
[Date "2013.01.04"]
[Round "1"]
[White "Fakhouri Filho, Jorge"]
[Black "Cirilo, Guilherme de Araujo"]
[Result "1/2-1/2"]
[WhiteElo "1948"]
[BlackElo "1918"]
[PlyCount "116"]
[EventDate "2013.01.04"]
[EventType "tourn"]
[EventRounds "9"]
[EventCountry "BRA"]
[SourceTitle "EXT 2015"]
[Source "ChessBase"]
[SourceDate "2014.11.20"]
[SourceVersion "1"]
[SourceVersionDate "2014.11.20"]
[SourceQuality "1"]

1. d4 d5 2. c4 e6 3. Nc3 c6 4. cxd5 exd5 5. Nf3 Bf5 6. Bf4 Bd6 7. Bg3 Nf6 8. e3 0-0 9. Bd3 Bxd3 10. Qxd3 Re8 11. Ne5 Ne4 12. Nxe4 dxe4 13. Qb3 Bxe5 14. Bxe5 Qb6 15. Qxb6 axb6 16. Bxb8 Raxb8 17. Ke2 Rbd8 18. Rac1 Rd5 19. Rc3 Ra8 20. a3 Rb5 21. b4 Kf8 22. f3 exf3+ 23. gxf3 Rg5 24. Kf2 Ke7 25. e4 Rd8 26. Rd1 Rh5 27. Kg3 Rg5+ 28. Kf4 Rg2 29. h3 Ke6 30. d5+ cxd5 31. Rxd5 Rxd5 32. exd5+ Kxd5 33. Rc7 f6 34. Rxb7 Kc6 35. Re7 Kb5 36. h4 h5 37. Kf5 Ka4 38. Ra7+ Kb5 39. Rb7 Kc6 40. Ra7 Kb5 41. f4 Rg4 42. Rb7 Kc6 43. Re7 g6+ 44. Kxf6 Rxf4+ 45. Kxg6 Rxh4 46. Re5 b5 47. Rc5+ Kb6 48. Rxh5 Rg4+ 49. Rg5 Rd4 50. Rg3 Rf4 51. Kg5 Rf8 52. Kg4 Kc6 53. Rc3+ Kd5 54. Rc5+ Kd4 55. Rxb5 Ra8 56. Rb7 Rxa3 57. b5 Kc5 58. b6 Rb3 1/2-1/2

[Event "Paulista-ch Interior"]
[Site "Itapetininga"]
[Date "2012.11.04"]
[Round "5"]
[White "Cadilhac, Igor Tokuichi Kikuc"]
[Black "Cirilo, Guilherme de Araujo"]
[Result "1-0"]
[WhiteElo "1817"]
[BlackElo "1918"]
[PlyCount "105"]
[EventDate "2012.11.02"]
[EventType "swiss"]
[EventRounds "6"]
[EventCountry "BRA"]
[SourceTitle "CBM 151 Extra"]
[Source "ChessBase"]
[SourceDate "2012.12.18"]
[SourceVersion "1"]
[SourceVersionDate "2012.12.18"]
[SourceQuality "1"]

1. e4 c6 2. d4 d5 3. exd5 cxd5 4. Bd3 Nc6 5. c3 Nf6 6. h3 Qc7 7. Nf3 g6 8. 0-0 Bf5 9. Bxf5 gxf5 10. Qb3 e6 11. Re1 Rg8 12. Na3 0-0-0 13. Nb5 Qb6 14. a4 a6 15. Nd6+ Kc7 16. Qxb6+ Kxb6 17. Nxf7 Rd7 18. N7e5 Nxe5 19. Nxe5 Rdg7 20. g3 Bd6 21. Bh6 Re7 22. Bf4 Ne4 23. Re2 h5 24. c4 Bxe5 25. c5+ Kc6 26. Bxe5 h4 27. Ra3 Rh7 28. Rb3 hxg3 29. Rxe4 dxe4 30. Rb6+ Kd5 31. fxg3 Rd8 32. Kf2 Rhd7 33. Ke3 Rc8 34. a5 Rc6 35. Rb4 Rc8 36. Kf4 Rg8 37. Rb6 Rc8 38. h4 Rc6 39. Rb4 Rc8 40. h5 Rg8 41. Rb6 Rg4+ 42. Ke3 Rg5 43. h6 Rg6 44. Bf4 Kc4 45. Rd6 Rh7 46. d5 Rgxh6 47. Bxh6 Rxh6 48. dxe6 Rh8 49. Kf4 Kxc5 50. Rd1 Re8 51. Kxf5 e3 52. Kf6 Kc4 53. Kf7 1-0

[Event "Paulista-ch Interior"]
[Site "Itapetininga"]
[Date "2012.11.04"]
[Round "6"]
[White "Cirilo, Guilherme de Araujo"]
[Black "Alboredo, Julia"]
[Result "1-0"]
[WhiteElo "1918"]
[BlackElo "1791"]
[PlyCount "67"]
[EventDate "2012.11.02"]
[EventType "swiss"]
[EventRounds "6"]
[EventCountry "BRA"]
[SourceTitle "CBM 151 Extra"]
[Source "ChessBase"]
[SourceDate "2012.12.18"]
[SourceVersion "1"]
[SourceVersionDate "2012.12.18"]
[SourceQuality "1"]

1. b3 Nf6 2. Bb2 g6 3. f4 Bg7 4. Nf3 d6 5. e3 0-0 6. Be2 Nbd7 7. 0-0 c5 8. a4 b6 9. Na3 Bb7 10. a5 Re8 11. Ra2 e5 12. Nc4 e4 13. Ng5 Qe7 14. Qa1 h6 15. Nh3 b5 16. a6 bxc4 17. axb7 Rab8 18. Bxc4 Rxb7 19. Rxa7 Rxa7 20. Qxa7 d5 21. Bb5 Qd6 22. Bxf6 Nxf6 23. Bxe8 Nxe8 24. Qa8 Qd7 25. Nf2 Kh7 26. Qa4 Qe7 27. Ng4 Nd6 28. Qc6 Nf5 29. Qxd5 Nh4 30. Ne5 Bxe5 31. Qxe5 Qd7 32. Qf6 Qg4 33. Qxf7+ Kh8 34. Qe8+ 1-0

[Event "Batatais op 2nd"]
[Site "Batatais"]
[Date "2011.12.18"]
[Round "5"]
[White "Bonvini, Alberto Tonhati"]
[Black "Cirilo, Guilherme de Araujo"]
[Result "1/2-1/2"]
[WhiteElo "1840"]
[BlackElo "1933"]
[PlyCount "52"]
[EventDate "2011.12.16"]
[EventType "swiss"]
[EventRounds "6"]
[EventCountry "BRA"]
[SourceTitle "EXT 2013"]
[Source "ChessBase"]
[SourceDate "2012.11.22"]
[SourceVersion "1"]
[SourceVersionDate "2012.11.22"]
[SourceQuality "1"]

1. d4 d5 2. Nf3 e6 3. e3 Nf6 4. b3 c5 5. Bb2 Nc6 6. Bd3 b6 7. Nbd2 Bd6 8. 0-0 0-0 9. Ne5 Bb7 10. f4 Rc8 11. c3 Nd7 12. Rf3 f6 13. Nxc6 Bxc6 14. Rg3 e5 15. Qg4 Qe7 16. Bf5 Rcd8 17. Qh5 g5 18. fxg5 fxg5 19. Rxg5+ Kh8 20. Nf3 Nf6 21. Qh3 cxd4 22. cxd4 e4 23. Nh4 Be8 24. Rf1 Nh5 25. Rg4 Nf6 26. Rg5 Nh5 1/2-1/2

[Event "Batatais op 2nd"]
[Site "Batatais"]
[Date "2011.12.16"]
[Round "2"]
[White "Cirilo, Guilherme de Araujo"]
[Black "Brito, Luismar Jorge"]
[Result "0-1"]
[WhiteElo "1933"]
[BlackElo "2258"]
[PlyCount "78"]
[EventDate "2011.12.16"]
[EventType "swiss"]
[EventRounds "6"]
[EventCountry "BRA"]
[SourceTitle "EXT 2013"]
[Source "ChessBase"]
[SourceDate "2012.11.22"]
[SourceVersion "1"]
[SourceVersionDate "2012.11.22"]
[SourceQuality "1"]

1. d4 Nf6 2. c4 e6 3. Nc3 Bb4 4. e3 0-0 5. Bd3 d6 6. Nge2 c5 7. a3 Bxc3+ 8. bxc3 Nc6 9. 0-0 e5 10. Ng3 Re8 11. d5 Na5 12. e4 h6 13. f4 Ng4 14. h3 exf4 15. hxg4 fxg3 16. g5 hxg5 17. e5 g4 18. e6 Rxe6 19. Qxg4 Rf6 20. Qxg3 Rxf1+ 21. Kxf1 Qf6+ 22. Kg1 Bf5 23. Rb1 Bxd3 24. Qxd3 Re8 25. Bd2 Qh4 26. Rf1 Nxc4 27. Qf5 Ne5 28. Bf4 g6 29. Bg5 gxf5 30. Bxh4 Ng6 31. Bg3 f4 32. Bxf4 Nxf4 33. Rxf4 Kg7 34. Kf2 Kg6 35. g3 f5 36. g4 Re5 37. c4 Kg5 38. Rf3 fxg4 39. Rf7 Rf5+ 0-1